Báo cáo workshop MHO 09 (Việt Nam - Netherlands) Hội thảo về cải tiến chương trình giảng dạy trong chiến lược phát triển Khoa Y Trường Đại học Cần Thơ

Gespeichert in:
Bibliographische Detailangaben
1. Verfasser: Trường Đại học Cần Thơ
Format: Buch
Sprache:Undetermined
Veröffentlicht: Cần Thơ Trường Đại học Cần Thơ 1996
Schlagworte:
Tags: Tag hinzufügen
Keine Tags, Fügen Sie den ersten Tag hinzu!
Thư viện lưu trữ: Trung tâm Học liệu Trường Đại học Cần Thơ
LEADER 00763nam a2200181Ia 4500
001 CTU_13544
008 210402s9999 xx 000 0 und d
082 |a 375 
082 |b M618 
100 |a Trường Đại học Cần Thơ 
245 0 |a Báo cáo workshop MHO 09 (Việt Nam - Netherlands) 
245 0 |b Hội thảo về cải tiến chương trình giảng dạy trong chiến lược phát triển Khoa Y Trường Đại học Cần Thơ 
245 0 |c Trường Đại học Cần Thơ,MHO9 
260 |a Cần Thơ 
260 |b Trường Đại học Cần Thơ 
260 |c 1996 
650 |a universities and colleges - vietnam - curricula 
980 |a Trung tâm Học liệu Trường Đại học Cần Thơ